The ICAO Alphabet Quiz Stats

 Plays Quiz not verified by Sporcle

Challenge
Share
Tweet
Embed
Score 0/26 Timer 02:00
0 Plays Today
Character Spoken Word % Correct
AAlfa
99.2%
BBravo
97%
DDelta
96.8%
CCharlie
95.6%
FFoxtrot
94.3%
EEcho
92.8%
IIndia
92.8%
LLima
92.6%
HHotel
92.2%
JJuliet
91.8%
KKilo
90.9%
GGolf
89.4%
NNovember
88%
Character Spoken Word % Correct
MMike
87.3%
PPapa
86.3%
QQuebec
85%
OOscar
84.1%
RRomeo
82%
XXray
82%
TTango
80.5%
SSierra
79.9%
ZZulu
79.1%
YYankee
78.2%
VVictor
77.6%
UUniform
76.3%
WWhiskey
73.4%

You're not logged in!

Compare scores with friends on all Sporcle quizzes.
OR
Log In

You Might Also Like...

Show Comments

Extras

Top Quizzes Today


Score Distribution

Your Account Isn't Verified!

In order to create a playlist on Sporcle, you need to verify the email address you used during registration. Go to your Sporcle Settings to finish the process.

Report this User

Report this user for behavior that violates our Community Guidelines.

Details: